Statistics for Sex, Drugs, Etc. - Beach Weather - All Lyrics

Click here to take the quiz!

General Stats

  • This quiz has been taken 43 times
  • The average score is 147 of 203

Answer Stats

Answer% Correct
I
97%
drugs
95%
drugs,
95%
sex,
95%
the
92%
to
92%
in
87%
night
87%
On
87%
on
87%
and
85%
cetera
82%
et
82%
know
82%
my-
82%
my
82%
Out
82%
out
82%
don't
79%
late
79%
Late
79%
cigarettes
77%
all
74%
life
74%
light
74%
telephone
74%
Calling
72%
high
72%
into
72%
low-key
72%
road
72%
vibe
72%
vibe,
72%
Vibe,
72%
Vibe
72%
for
69%
I’m
69%
love,
69%
polaroids
69%
wallflowers
69%
dark
67%
go
67%
need
67%
romanticize
67%
be
64%
floating
64%
Floating
64%
half
64%
Half
64%
of
64%
that
64%
regret
62%
Bulletproof
59%
ever
59%
Get
59%
passengers
59%
Socialize,
59%
just
56%
up
56%
Dressing
54%
wanna
54%
harmony
51%
something
51%
at
49%
Everywhere
49%
from
49%
won't
49%
Your
49%
Designer
46%
part
46%
streets
44%
touch
41%
dead
38%
fall
38%
feel
38%
anything
36%
end
36%
or
36%
romanticized
33%
socialized,
33%
air
31%
Break
28%

Score Distribution

Percentile by Number Answered

Percent of People with Each Score

Your Score History

You have not taken this quiz